000 00517nam a2200181Ia 4500
008 240925s9999 xx 000 0 und d
020 _a9780470870969
082 _a621.38456 HOL
100 _aNot - Available
245 0 _aWCDMA for UMTS: raidio access for third generation mobile communications
250 _a3rd
260 _aNew York:
_bJohn Wiley & Sons
_c,2006.
300 _axxvi,570p.
_bNA
_fOriginal
500 _aIncludes Index
600 _aElectronic Engineering
650 _aTechnology
942 _cBK
999 _c9510
_d9510